War Flags - Statistics

General Stats
  • This quiz has been taken 60 times
  • The average score is 12 of 16
Answer Stats
Picture Answer % Correct
China
100%
India
96%
Vietnam
96%
Japan
90%
Finland
87%
Georgia
87%
Philippines
85%
Brunei
81%
Iran
75%
Hungary
73%
Ukraine
69%
Bulgaria
65%
Russia
56%
Poland
52%
Bangladesh
37%
Pakistan
23%
No matching quizzes found
Score Distribution
Percent of People with Each Score
Percentile by Number Answered
Your Score History
You have not taken this quiz